|
|
|
|
| LEADER |
01774nam a2200421 i 4500 |
| 001 |
EBC6280121 |
| 003 |
MiAaPQ |
| 005 |
20201128232527.0 |
| 006 |
m o d | |
| 007 |
cr cnu|||||||| |
| 008 |
201128s2020 dcua o 000 0 eng d |
| 020 |
|
|
|z 9781464814440
|
| 020 |
|
|
|a 9781464814457 (e-book)
|
| 035 |
|
|
|a (MiAaPQ)EBC6280121
|
| 035 |
|
|
|a (Au-PeEL)EBL6280121
|
| 035 |
|
|
|a (OCoLC)1202459627
|
| 040 |
|
|
|a MiAaPQ
|b eng
|e rda
|e pn
|c MiAaPQ
|d MiAaPQ
|
| 043 |
|
|
|a f------
|
| 050 |
|
4 |
|a HD5837
|b .D889 2020
|
| 082 |
0 |
|
|a 331.096
|2 23
|
| 245 |
0 |
4 |
|a The future of work in Africa :
|b harnessing the potential of digital technologies for all /
|c Mark Dutz, Jieun Choi, and Zainab Usman.
|
| 264 |
|
1 |
|a Washington :
|b World Bank Publications,
|c 2020.
|
| 300 |
|
|
|a 1 online resource (257 pages) :
|b illustrations
|
| 336 |
|
|
|a text
|b txt
|2 rdacontent
|
| 337 |
|
|
|a computer
|b c
|2 rdamedia
|
| 338 |
|
|
|a online resource
|b cr
|2 rdacarrier
|
| 588 |
|
|
|a Description based on print version record.
|
| 590 |
|
|
|a Electronic reproduction. Ann Arbor, MI : ProQuest, 2018. Available via World Wide Web. Access may be limited to ProQuest affiliated libraries.
|
| 650 |
|
0 |
|a Labor market
|z Africa.
|
| 651 |
|
0 |
|a Africa
|x Economic conditions
|y 21st century.
|
| 651 |
|
0 |
|a Africa
|x Economic policy
|y 21st century.
|
| 655 |
|
4 |
|a Electronic books.
|
| 700 |
1 |
|
|a Choi, Jieun,
|e editor.
|
| 700 |
1 |
|
|a Dutz, Mark Andrew,
|e editor.
|
| 700 |
1 |
|
|a Usman, Zainab,
|e editor.
|
| 776 |
0 |
8 |
|i Print version:
|t Future of work in Africa : harnessing the potential of digital technologies for all.
|d Washington : World Bank Publications, 2020
|h 257 pages
|z 9781464814440
|
| 797 |
2 |
|
|a ProQuest (Firm)
|
| 856 |
4 |
0 |
|u https://ebookcentral.proquest.com/lib/matrademy/detail.action?docID=6280121
|z Click to View
|